GOT7 Songs Quiz - Statistics

General Stats
  • This quiz has been taken 442 times
    393 since last reset
  • The average score is 36 of 121
Answer Stats
Album / EP Year Song % Correct
Got Love 2014 A
84%
Got It? 2014 Girls Girls Girls
81%
Just Right 2015 Just Right
80%
Flight Log: Turbulence 2016 If
77%
Flight Log: Turbulence 2016 Hard Carry
75%
Present: You 2018 Lullaby
74%
Mad 2015 If You Do
72%
Flight Log: Departure 2016 Fly
70%
Dye 2020 Not by the Moon
70%
Flight Log: Arrival 2017 Never Ever
62%
Identify 2014 Stop Stop It
60%
Call My Name 2019 You Calling My Name
60%
Eyes on You 2018 Look
59%
7 for 7 2017 You Are
55%
Spinning Top 2019 1
49%
Spinning Top 2019 Eclipse
49%
Dye 2020 Poison
49%
7 for 7 2017 Teenager
48%
Present: You & Me 2018 Miracle
45%
Mad Winter Edition 2016 Confession Song
41%
Flight Log: Arrival 2017 Shopping Mall
41%
Dye 2020 Aura
40%
Call My Name 2019 Thursday
40%
Flight Log: Turbulence 2016 Let Me
38%
Spinning Top 2019 Page
38%
Present: You 2018 Party
38%
7 for 7 2017 Moon U
37%
Present: You 2018 OMW
35%
Present: You 2018 Sunrise
35%
Eyes on You 2018 Thank You
34%
7 for 7 2017 Face
33%
Flight Log: Arrival 2017 Q
33%
Dye 2020 Crazy
32%
7 for 7 2017 Firework
32%
Dye 2020 Love You Better
32%
Flight Log: Turbulence 2016 Skyway
32%
Flight Log: Departure 2016 Home Run
31%
Got It? 2014 I Like You
31%
Flight Log: Arrival 2017 Paradise
31%
Got Love 2014 Forever Young
30%
Present: You 2018 My Youth
30%
Present: You 2018 Made It
29%
Call My Name 2019 Run Away
29%
Flight Log: Turbulence 2016 Boom x3
28%
Present: You 2018 Fine
28%
Flight Log: Departure 2016 Fish
28%
Flight Log: Turbulence 2016 Mayday
28%
Identify 2014 She's A Monster
28%
Mad 2015 Eyes On
27%
Mad 2015 Good
27%
Present: You & Me 2018 King
27%
Flight Log: Turbulence 2016 My Home
27%
Got It? 2014 Playground
27%
Dye 2020 Trust My Love
27%
Flight Log: Turbulence 2016 HEY
26%
Present: You 2018 Nobody Knows
26%
Flight Log: Turbulence 2016 Prove It
26%
Identify 2014 Gimme
25%
Present: You 2018 I Am Me
25%
7 for 7 2017 Remember You
25%
Spinning Top 2019 Time Out
25%
Present: You & Me 2018 Come On
24%
Present: You 2018 Enough
24%
Got It? 2014 Follow Me
24%
Call My Name 2019 Now or Never
24%
Call My Name 2019 Pray
24%
Flight Log: Turbulence 2016 Sick
24%
Flight Log: Arrival 2017 Sign
24%
Present: You & Me 2018 Take Me to You
24%
7 for 7 2017 To Me
24%
Flight Log: Departure 2016 Can't
23%
Flight Log: Arrival 2017 Out
23%
Present: You & Me 2018 1:31 AM
22%
Identify 2014 Magnetic
22%
Flight Log: Departure 2016 See The Light
22%
Flight Log: Turbulence 2016 Dreamin'
21%
Just Right 2015 Nice
21%
Flight Log: Turbulence 2016 No Jam
21%
Eyes on You 2018 One and Only You
21%
Flight Log: Turbulence 2016 Who's That
21%
Present: You & Me 2018 WOLO
21%
Just Right 2015 Before the Full Moon Rises
20%
Flight Log: Departure 2016 Beggin On My Knees
20%
Flight Log: Arrival 2017 Go Higher
20%
Got It? 2014 Hello
20%
Eyes on You 2018 Hesitate
20%
Identify 2014 Moonlight
20%
Present: You 2018 No One Else
20%
Mad 2015 Tic Tic Tok
20%
Eyes on You 2018 Us
20%
Just Right 2015 Mine
19%
Got Love 2014 Good Tonight
18%
Present: You & Me 2018 Phoenix
18%
Flight Log: Departure 2016 Rewind
18%
Just Right 2015 Back to Me
17%
Spinning Top 2019 Believe
17%
Flight Log: Arrival 2017 Don't Care
17%
Present: You & Me 2018 Higher
17%
Spinning Top 2019 The End
17%
Got Love 2014 Bad Behaviour
16%
Mad Winter Edition 2016 Everyday
16%
Got It? 2014 Like Oh
16%
Flight Log: Departure 2016 Something Good
16%
Identify 2014 Stay
16%
Eyes on You 2018 The Reason
16%
Mad 2015 Feelin' Good
15%
Identify 2014 Just Tonight
15%
Just Right 2015 My Reaction
15%
Identify 2014 Take My Hand
15%
Got Love 2014 U Got Me
15%
Present: You & Me 2018 From Now
14%
Present: You & Me 2018 I Love It
14%
Mad Winter Edition 2016 To Star
14%
Present: You & Me 2018 Hunger
13%
Dye 2020 Ride
13%
Present: You & Me 2018 Think About It
13%
Mad 2015 Put'em Up
12%
Dye 2020 Gravity
10%
Call My Name 2019 Crush and Burn
7%
Identify 2014 Turn Up the Volume
4%
Present: You 2018 I'll Protect You
3%
No matching quizzes found
Score Distribution
Percent of People with Each Score
Percentile by Number Answered
Your Score History
You have not taken this quiz since the last reset